[Event "Titled Tuesday 2023.11.14 Early"]
[Site "Chess.com INT"]
[Date "2023.11.14"]
[Round "4"]
[White "Umarov, Sabir"]
[Black "Keleberda, Tymur"]
[Result "1-0"]
[WhiteElo "2364"]
[BlackElo "2224"]
[WhiteFideId "-1"]
[BlackFideId "-1"]
[PlyCount "103"]
[GameId "1981519210237952"]
[EventDate "2023.11.14"]
[EventType "swiss (blitz)"]
[EventRounds "11"]
[EventCountry "NET"]
[SourceTitle "CBM 217 Extra"]
[Source "ChessBase"]
[SourceDate "2024.01.31"]
[SourceVersion "1"]
[SourceVersionDate "2024.01.31"]
[SourceQuality "1"]

1. e4 b6 2. d4 e6 3. Bd3 Bb7 4. Ne2 c5 5. c3 d6 6. O-O Nd7 7. f4 Ngf6 8. e5 Ne4 9. Nd2 Nxd2 10. Bxd2 g6 11. Be3 a6 12. a4 h5 13. b4 cxb4 14. cxb4 dxe5 15. fxe5 Bxb4 16. Nf4 O-O 17. Nxh5 Qh4 18. Nf4 Rad8 19. Qb3 a5 20. Nxe6 Qg4 21. Nf4 g5 22. Be2 Qf5 23. Nh5 Qg6 24. Nf6+ Nxf6 25. Rxf6 Qg7 26. Rf5 Be4 27. Rxg5 Bg6 28. Bd3 Be7 29. Rg4 Rc8 30. Rxg6 Qxg6 31. Bxg6 Rc6 32. Be4 Rc7 33. Qd1 Rfc8 34. Qg4+ Kf8 35. Bh6+ Ke8 36. Bf5 Bf8 37. Qg8 Ke7 38. Bg5+ Ke8 39. e6 Rb8 40. exf7+ Rxf7 41. Bg6 Rbb7 42. Rf1 Kd7 43. Rxf7+ Kd6 44. Rxb7 Kc6 45. Qxf8 Kxb7 46. Qe7+ Ka6 47. Bd3+ b5 48. Bxb5+ Kb6 49. Qd6+ Kb7 50. Qc6+ Ka7 51. Qc7+ Ka8 52. Bc6# 1-0

[Event "Titled Tuesday 2023.10.17 Late"]
[Site "chess.com INT"]
[Date "2023.10.17"]
[Round "3"]
[White "Keleberda, Tymur"]
[Black "Biernacki, Mark"]
[Result "1-0"]
[WhiteElo "2254"]
[BlackElo "1995"]
[WhiteFideId "-1"]
[BlackFideId "-1"]
[PlyCount "59"]
[GameId "2130307552591711"]
[EventDate "2023.10.17"]
[EventType "swiss (blitz)"]
[EventRounds "11"]
[EventCountry "NET"]
[SourceTitle "The Week in Chess 1511"]
[Source "Mark Crowther"]
[SourceDate "2023.10.23"]
[SourceVersion "1"]
[SourceVersionDate "2023.10.23"]
[SourceQuality "2"]

1. e4 c6 2. d4 d5 3. e5 Bf5 4. h4 h5 5. Bd3 Bxd3 6. Qxd3 e6 7. Bg5 Qa5+ 8. Nd2 Qa6 9. c4 Nd7 10. b3 Bb4 11. Ngf3 Ne7 12. Bxe7 Bxe7 13. O-O Nf8 14. a4 Ng6 15. g3 Qb6 16. a5 Qc7 17. Rfc1 O-O 18. Ng5 Qd7 19. Qf3 Bxg5 20. hxg5 h4 21. Qh5 hxg3 22. fxg3 Rfc8 23. Kg2 c5 24. Rh1 cxd4 25. Raf1 dxc4 26. Qh7+ Kf8 27. Qxg6 Qd5+ 28. Ne4 Rc7 29. Rh8+ Ke7 30. Qxf7# 1-0

[Event "Titled Tuesday 2023.09.26 Late"]
[Site "Chess.com INT"]
[Date "2023.09.26"]
[Round "3"]
[White "Keleberda, Tymur"]
[Black "Mitrabha, Guha"]
[Result "0-1"]
[WhiteElo "2245"]
[BlackElo "2515"]
[WhiteFideId "-1"]
[BlackFideId "-1"]
[PlyCount "86"]
[GameId "1963742513627136"]
[EventDate "2023.09.26"]
[EventType "swiss (blitz)"]
[EventRounds "11"]
[EventCountry "NET"]
[SourceTitle "EXT 2024"]
[Source "ChessBase"]
[SourceDate "2023.10.10"]
[SourceVersion "1"]
[SourceVersionDate "2023.10.10"]
[SourceQuality "1"]

1. e4 c6 2. d4 d5 3. e5 Bf5 4. h4 h5 5. Bd3 Bxd3 6. Qxd3 Qa5+ 7. Nd2 e6 8. Ngf3 Ne7 9. O-O Nf5 10. c4 Be7 11. cxd5 Qxd5 12. g3 Nd7 13. Ne4 O-O 14. Nc3 Qa5 15. Bg5 Bxg5 16. hxg5 g6 17. a3 Rad8 18. b4 Nxe5 19. bxa5 Nxd3 20. Rab1 c5 21. Rxb7 cxd4 22. Ne4 Nd6 23. Nf6+ Kg7 24. Rxa7 Nf5 25. Rd1 Nb2 26. Rd2 Nc4 27. Rd3 e5 28. a6 Rb8 29. Rc7 Rb1+ 30. Kg2 Rc1 31. Nd5 e4 32. a7 exd3 33. Rb7 Ra8 34. Nc7 Nfd6 35. Nxa8 Nxb7 36. a4 Ra1 37. Nd2 Rxa4 38. Nxc4 Rxa7 39. Nab6 Ra2 40. Kf3 Nc5 41. Nd5 d2 42. Ke2 d3+ 43. Kd1 Ne4 0-1

[Event "Titled Tuesday 2023.09.19 Early"]
[Site "Chess.com INT"]
[Date "2023.09.19"]
[Round "2"]
[White "Keleberda, Tymur"]
[Black "Bokros, Albert"]
[Result "0-1"]
[WhiteElo "2245"]
[BlackElo "2447"]
[WhiteFideId "-1"]
[BlackFideId "-1"]
[PlyCount "114"]
[GameId "1961207441678336"]
[EventDate "2023.09.19"]
[EventType "swiss (blitz)"]
[EventRounds "11"]
[EventCountry "NET"]
[SourceTitle "EXT 2024"]
[Source "ChessBase"]
[SourceDate "2023.10.10"]
[SourceVersion "1"]
[SourceVersionDate "2023.10.10"]
[SourceQuality "1"]

1. e4 c5 2. Nf3 Nc6 3. Bb5 e6 4. O-O Nge7 5. Re1 a6 6. Bf1 Nd4 7. c3 Nxf3+ 8. Qxf3 Nc6 9. d3 Be7 10. Nd2 b5 11. a4 Bb7 12. axb5 axb5 13. Rxa8 Qxa8 14. Qg3 O-O 15. Nf3 Rd8 16. Bh6 Bf8 17. Bg5 Be7 18. Bxe7 Nxe7 19. Qd6 Ng6 20. Qxc5 d5 21. Qb4 dxe4 22. dxe4 Bc6 23. Nd4 Bxe4 24. Nxe6 fxe6 25. Qxe4 Qxe4 26. Rxe4 Rd2 27. Rb4 Ne5 28. h3 Kf7 29. Rxb5 Kf6 30. f4 Ng6 31. g3 h6 32. Bg2 Ne7 33. Rb6 Nf5 34. g4 Ne3 35. Bf3 Nc4 36. Rb4 Nxb2 37. Re4 Nd3 38. Kf1 Rf2+ 39. Kg1 Rxf3 40. h4 Rg3+ 41. Kh2 Rxg4 42. Re3 Nc5 43. Kh3 Rxf4 44. Rg3 e5 45. Re3 Ne4 46. c4 Kf5 47. Ra3 Nc5 48. Ra8 Rxc4 49. Rg8 g6 50. Rh8 h5 51. Rf8+ Ke4 52. Rf6 Rc3+ 53. Kg2 Kd4 54. Rxg6 e4 55. Rg5 e3 56. Rxh5 e2 57. Kf2 Rc2 0-1

[Event "Titled Tuesday 2023.09.19 Early"]
[Site "Chess.com INT"]
[Date "2023.09.19"]
[Round "3"]
[White "Petr, Jan1"]
[Black "Keleberda, Tymur"]
[Result "0-1"]
[WhiteElo "2282"]
[BlackElo "2245"]
[WhiteFideId "-1"]
[BlackFideId "-1"]
[PlyCount "82"]
[GameId "1961207442337792"]
[EventDate "2023.09.19"]
[EventType "swiss (blitz)"]
[EventRounds "11"]
[EventCountry "NET"]
[SourceTitle "EXT 2024"]
[Source "ChessBase"]
[SourceDate "2023.10.10"]
[SourceVersion "1"]
[SourceVersionDate "2023.10.10"]
[SourceQuality "1"]

1. d4 Nf6 2. Bg5 e6 3. Nd2 h6 4. Bf4 d5 5. e3 Bd6 6. Bg3 O-O 7. Bd3 c5 8. c3 Qc7 9. Ngf3 Nbd7 10. Bc2 e5 11. dxe5 Nxe5 12. Nxe5 Bxe5 13. Bxe5 Qxe5 14. Nf3 Qc7 15. Qd3 Rd8 16. O-O-O b5 17. Rhe1 c4 18. Qd2 Bb7 19. Nd4 Qb6 20. Rg1 a5 21. g4 Ne4 22. Bxe4 dxe4 23. g5 h5 24. g6 fxg6 25. Rg5 b4 26. Rdg1 Rd6 27. Rb5 Qc7 28. cxb4 axb4 29. Qxb4 Bd5 30. Rg5 Qd8 31. h4 Bf7 32. Rb7 c3 33. bxc3 Rf6 34. Rgb5 Kh7 35. Rb8 Rxb8 36. Rxb8 Qc7 37. Qf8 Qxc3+ 38. Nc2 g5 39. hxg5 Rc6 40. Qh8+ Kg6 41. Rb2 Qe1# 0-1

[Event "Titled Tuesday 2023.09.19 Early"]
[Site "Chess.com INT"]
[Date "2023.09.19"]
[Round "4"]
[White "Keleberda, Tymur"]
[Black "Vila Dupla, Aurelio"]
[Result "1-0"]
[WhiteElo "2245"]
[BlackElo "2030"]
[WhiteFideId "-1"]
[BlackFideId "-1"]
[PlyCount "85"]
[GameId "1961207443456000"]
[EventDate "2023.09.19"]
[EventType "swiss (blitz)"]
[EventRounds "11"]
[EventCountry "NET"]
[SourceTitle "EXT 2024"]
[Source "ChessBase"]
[SourceDate "2023.10.10"]
[SourceVersion "1"]
[SourceVersionDate "2023.10.10"]
[SourceQuality "1"]

1. e4 c5 2. Nf3 d6 3. Bb5+ Nd7 4. c3 a6 5. Ba4 Ngf6 6. Qe2 b5 7. Bc2 Ne5 8. d4 Nxf3+ 9. Qxf3 Bb7 10. d5 g6 11. O-O Bg7 12. Bf4 Nd7 13. Nd2 O-O 14. Qe3 Re8 15. Bh6 Bh8 16. Rad1 e6 17. dxe6 Rxe6 18. Nf3 Ne5 19. Ng5 Ng4 20. Qf4 Nxh6 21. Nxe6 fxe6 22. Qxh6 Qe7 23. a4 b4 24. Qh3 bxc3 25. bxc3 Rf8 26. Bb3 Bc8 27. Rd3 Be5 28. f4 Rxf4 29. Rxf4 Bxf4 30. Qf3 Be5 31. Bc4 Kg7 32. Rd1 Bb7 33. Qg4 Bxc3 34. Bxe6 Bd4+ 35. Kh1 Bc6 36. Rf1 Bf6 37. Bd5 Be8 38. Qd1 Be5 39. Qb3 Qh4 40. g3 Qh3 41. Qf3 Kh6 42. Qf8+ Kg5 43. Rf4 1-0

[Event "Titled Tuesday 2023.09.19 Early"]
[Site "Chess.com INT"]
[Date "2023.09.19"]
[Round "5"]
[White "John Veny, Akkarakarn"]
[Black "Keleberda, Tymur"]
[Result "1-0"]
[WhiteElo "2112"]
[BlackElo "2245"]
[WhiteFideId "-1"]
[BlackFideId "-1"]
[PlyCount "55"]
[GameId "1961207444156416"]
[EventDate "2023.09.19"]
[EventType "swiss (blitz)"]
[EventRounds "11"]
[EventCountry "NET"]
[SourceTitle "EXT 2024"]
[Source "ChessBase"]
[SourceDate "2023.10.10"]
[SourceVersion "1"]
[SourceVersionDate "2023.10.10"]
[SourceQuality "1"]

1. e4 c5 2. Nf3 d6 3. d4 cxd4 4. Nxd4 Nf6 5. Nc3 a6 6. Be2 e5 7. Nb3 Be7 8. O-O O-O 9. Kh1 Be6 10. f4 exf4 11. Bxf4 Nc6 12. Qe1 Rc8 13. Rd1 Qb6 14. Bxd6 Bxd6 15. Rxd6 Rfd8 16. Rxd8+ Rxd8 17. Qg3 Nd7 18. Nd5 Bxd5 19. exd5 Nb4 20. c4 Re8 21. Qf3 Ne5 22. Qe4 Nxa2 23. Bd1 Qb4 24. Re1 Kf8 25. Nd4 Qxc4 26. Bb3 Qc8 27. Bxa2 g6 28. Ne6+ 1-0

[Event "Titled Tuesday 2023.09.19 Early"]
[Site "Chess.com INT"]
[Date "2023.09.19"]
[Round "6"]
[White "Keleberda, Tymur"]
[Black "Carrasco Miranda, Andres"]
[Result "1-0"]
[WhiteElo "2245"]
[BlackElo "2241"]
[WhiteFideId "-1"]
[BlackFideId "-1"]
[PlyCount "61"]
[GameId "1961207444856832"]
[EventDate "2023.09.19"]
[EventType "swiss (blitz)"]
[EventRounds "11"]
[EventCountry "NET"]
[SourceTitle "EXT 2024"]
[Source "ChessBase"]
[SourceDate "2023.10.10"]
[SourceVersion "1"]
[SourceVersionDate "2023.10.10"]
[SourceQuality "1"]

1. e4 e5 2. Nf3 Nc6 3. Bc4 Bc5 4. c3 Nf6 5. d4 exd4 6. e5 d5 7. Bb5 Ne4 8. cxd4 Bb6 9. Nc3 O-O 10. Be3 Bg4 11. h3 Bh5 12. Qc2 Ba5 13. O-O Bg6 14. Qb3 Ne7 15. Nxe4 Bxe4 16. Nd2 Bxd2 17. Bxd2 c6 18. Be2 Nf5 19. Qc3 Qh4 20. Bg4 h5 21. Bxf5 Bxf5 22. f4 Rfe8 23. Be1 Qe7 24. Qf3 g6 25. g4 hxg4 26. hxg4 Be4 27. Qg3 Kg7 28. f5 Qg5 29. f6+ Kg8 30. Rf2 c5 31. Bd2 1-0

[Event "Titled Tuesday 2023.09.19 Early"]
[Site "Chess.com INT"]
[Date "2023.09.19"]
[Round "7"]
[White "Sarkar, Justin"]
[Black "Keleberda, Tymur"]
[Result "1-0"]
[WhiteElo "2290"]
[BlackElo "2245"]
[WhiteFideId "-1"]
[BlackFideId "-1"]
[PlyCount "73"]
[GameId "1961207445929984"]
[EventDate "2023.09.19"]
[EventType "swiss (blitz)"]
[EventRounds "11"]
[EventCountry "NET"]
[SourceTitle "EXT 2024"]
[Source "ChessBase"]
[SourceDate "2023.10.10"]
[SourceVersion "1"]
[SourceVersionDate "2023.10.10"]
[SourceQuality "1"]

1. e4 c5 2. Nf3 d6 3. d4 cxd4 4. Nxd4 Nf6 5. Nc3 a6 6. Bg5 e5 7. Nf5 Bxf5 8. Bxf6 Qxf6 9. Nd5 Qd8 10. exf5 Be7 11. c3 O-O 12. Bd3 Nd7 13. O-O Nf6 14. Nxf6+ Bxf6 15. Be4 Rb8 16. a4 b6 17. Qd3 a5 18. Rfd1 Be7 19. f6 Bxf6 20. Bxh7+ Kh8 21. Qh3 Bh4 22. Bc2 g6 23. g3 Kg7 24. Qxh4 Qc7 25. Qe4 f5 26. Qd5 Rf6 27. Rd2 Rh8 28. Rad1 f4 29. g4 Rh4 30. f3 g5 31. Be4 Qd7 32. Qb7 Qxb7 33. Bxb7 Rhh6 34. Be4 Kf7 35. Rd5 Ke7 36. Rb5 d5 37. Rdxd5 1-0

[Event "Titled Tuesday 2023.09.19 Early"]
[Site "chess.com INT"]
[Date "2023.09.19"]
[Round "1"]
[White "Monteiro, Luis Felipe Furtado"]
[Black "Keleberda, Tymur"]
[Result "1-0"]
[WhiteElo "2029"]
[BlackElo "2245"]
[WhiteFideId "-1"]
[BlackFideId "-1"]
[PlyCount "57"]
[GameId "2130307553989614"]
[EventDate "2023.09.19"]
[EventType "swiss (blitz)"]
[EventRounds "11"]
[EventCountry "NET"]
[SourceTitle "The Week in Chess 1507"]
[Source "Mark Crowther"]
[SourceDate "2023.09.25"]
[SourceVersion "1"]
[SourceVersionDate "2023.09.25"]
[SourceQuality "2"]

1. e4 c5 2. Nf3 d6 3. d4 cxd4 4. Nxd4 Nf6 5. Nc3 a6 6. a4 e5 7. Nf3 Be7 8. Bc4 O-O 9. Bg5 Be6 10. Bxe6 fxe6 11. Bxf6 Rxf6 12. O-O Nc6 13. Ne2 d5 14. Ng3 d4 15. Qd3 Qb6 16. c3 Rd8 17. cxd4 exd4 18. e5 Rf4 19. Nh5 Rf7 20. Qd2 Bb4 21. Qg5 d3 22. Nf6+ Kh8 23. Qh5 g6 24. Qh4 h5 25. Qg5 Kg7 26. Nh4 Rd4 27. Qxg6+ Kf8 28. Qg8+ Ke7 29. Qe8# 1-0

[Event "Titled Tuesday 2023.09.19 Early"]
[Site "chess.com INT"]
[Date "2023.09.19"]
[Round "8"]
[White "Player, Edmund"]
[Black "Keleberda, Tymur"]
[Result "0-1"]
[WhiteElo "2199"]
[BlackElo "2245"]
[WhiteFideId "-1"]
[BlackFideId "-1"]
[PlyCount "52"]
[GameId "2130307554006424"]
[EventDate "2023.09.19"]
[EventType "swiss (blitz)"]
[EventRounds "11"]
[EventCountry "NET"]
[SourceTitle "The Week in Chess 1507"]
[Source "Mark Crowther"]
[SourceDate "2023.09.25"]
[SourceVersion "1"]
[SourceVersionDate "2023.09.25"]
[SourceQuality "2"]

1. e4 c5 2. Nf3 d6 3. d4 cxd4 4. Nxd4 Nf6 5. Nc3 a6 6. h3 e5 7. Nde2 h5 8. g3 Nbd7 9. Bg2 b5 10. Be3 Bb7 11. O-O h4 12. g4 Be7 13. a4 b4 14. Nd5 Bxd5 15. exd5 a5 16. f4 exf4 17. Bxf4 O-O 18. Nd4 Ne5 19. Kh1 Rc8 20. Bxe5 dxe5 21. Nc6 Qc7 22. g5 Nh7 23. Qh5 Bxg5 24. Be4 g6 25. Bxg6 fxg6 26. Qxg6+ Kh8 0-1

[Event "Titled Tuesday 2023.09.19 Early"]
[Site "chess.com INT"]
[Date "2023.09.19"]
[Round "9"]
[White "Keleberda, Tymur"]
[Black "Fiorito, Joaquin"]
[Result "0-1"]
[WhiteElo "2245"]
[BlackElo "2399"]
[WhiteFideId "-1"]
[BlackFideId "-1"]
[PlyCount "52"]
[GameId "2130307554010557"]
[EventDate "2023.09.19"]
[EventType "swiss (blitz)"]
[EventRounds "11"]
[EventCountry "NET"]
[SourceTitle "The Week in Chess 1507"]
[Source "Mark Crowther"]
[SourceDate "2023.09.25"]
[SourceVersion "1"]
[SourceVersionDate "2023.09.25"]
[SourceQuality "2"]

1. e4 c6 2. d4 d5 3. e5 Bf5 4. h4 h5 5. Bd3 Bxd3 6. Qxd3 Qa5+ 7. Nd2 e6 8. Ngf3 Nh6 9. c4 Nf5 10. O-O Be7 11. g3 O-O 12. b3 Rd8 13. Bb2 c5 14. cxd5 Rxd5 15. Rad1 Nc6 16. Nc4 Qa6 17. Qe4 cxd4 18. Ne3 dxe3 19. Rxd5 exf2+ 20. Kg2 Qxf1+ 21. Kxf1 Nxg3+ 22. Kg2 f1=Q+ 23. Kxg3 exd5 24. Qf5 g6 25. Qf4 d4 26. e6 Rf8 0-1

[Event "Titled Tuesday 2023.09.12 Early"]
[Site "Chess.com INT"]
[Date "2023.09.12"]
[Round "3"]
[White "Keleberda, Tymur"]
[Black "Vargas Benavides, Mauricio"]
[Result "1-0"]
[WhiteElo "2245"]
[BlackElo "1961"]
[WhiteFideId "-1"]
[BlackFideId "-1"]
[PlyCount "69"]
[GameId "1958671012835328"]
[EventDate "2023.09.12"]
[EventType "swiss (blitz)"]
[EventRounds "11"]
[EventCountry "NET"]
[SourceTitle "EXT 2024"]
[Source "ChessBase"]
[SourceDate "2023.10.10"]
[SourceVersion "1"]
[SourceVersionDate "2023.10.10"]
[SourceQuality "1"]

1. e4 d5 2. exd5 Qxd5 3. Nc3 Qa5 4. Bc4 c6 5. d3 Nf6 6. Nge2 Bg4 7. O-O e6 8. Be3 Bd6 9. f3 Qe5 10. Bf4 Qc5+ 11. d4 Qxc4 12. Bxd6 Bf5 13. b3 Qa6 14. a4 Qb6 15. Kh1 Nbd7 16. a5 Qd8 17. Qd2 Nb8 18. Bg3 O-O 19. Na4 Na6 20. c4 c5 21. Rfd1 cxd4 22. Nxd4 Bg6 23. Nb5 Qe7 24. Bd6 Qe8 25. Bxf8 Qxf8 26. Nd6 Rd8 27. b4 Ne8 28. c5 b6 29. axb6 axb6 30. Nxb6 Nxd6 31. cxd6 Nc7 32. dxc7 Rxd2 33. Rxd2 Qxb4 34. c8=Q+ Qf8 35. Rd8 1-0

[Event "Excelsior September op"]
[Site "Toronto CAN"]
[Date "2023.09.06"]
[Round "1.2"]
[White "Keleberda, Tymur"]
[Black "Almeida Quintana, Omar"]
[Result "0-1"]
[WhiteElo "2245"]
[BlackElo "2504"]
[WhiteFideId "-1"]
[BlackFideId "-1"]
[PlyCount "140"]
[GameId "2160767907047218"]
[EventDate "2023.09.06"]
[EventType "swiss"]
[EventRounds "9"]
[EventCountry "CAN"]
[SourceTitle "10 Days #735"]
[Source "ChessMix "]
[SourceDate "2023.09.20"]
[SourceVersion "1"]
[SourceVersionDate "2023.09.20"]
[SourceQuality "1"]

1. e4 g6 2. d4 Bg7 3. Nf3 d6 4. Bc4 Nf6 5. Qe2 O-O 6. e5 dxe5 7. dxe5 Nd5 8. O-O Bg4 9. Nbd2 c6 10. h3 Be6 11. a4 Nd7 12. Nb3 Nc7 13. Bf4 Nb6 14. Bxe6 Nxe6 15. Bg3 Nd5 16. Rfd1 Qc8 17. a5 Rd8 18. Qe4 Ndc7 19. Qb4 Bf8 20. h4 h5 21. c3 Rd5 22. Rxd5 Nxd5 23. Qe4 Bh6 24. Nfd4 Nxd4 25. Nxd4 e6 26. Nb3 Qc7 27. Qc4 Bg7 28. Nc5 Rc8 29. Qe2 Ne7 30. Bf4 Nf5 31. g3 Rd8 32. Ne4 Rd5 33. a6 b6 34. Nf6+ Bxf6 35. exf6 Qd8 36. Bg5 Qd6 37. Kg2 Kf8 38. Qe4 Ke8 39. Bf4 Qd7 40. c4 Rd4 41. Qe5 Qd6 42. Qxd6 Nxd6 43. b3 Rd3 44. Rb1 Ne4 45. Be5 Kd8 46. b4 Kc8 47. Rb2 c5 48. Re2 Nd2 49. bxc5 bxc5 50. Bf4 Nxc4 51. Rc2 Rd4 52. Be3 Nxe3+ 53. fxe3 Rd6 54. Rxc5+ Kb8 55. Rb5+ Rb6 56. Ra5 Kc7 57. Kf3 e5 58. Ke4 Rxf6 59. Kd5 Kb6 60. Ra3 Rf3 61. Kxe5 Rxg3 62. Kf6 Rf3+ 63. Kg7 Kb5 64. Kh6 Rg3 65. Kg7 f5 66. Rb3+ Kxa6 67. Ra3+ Kb6 68. Rb3+ Kc6 69. Ra3 f4 70. Ra6+ Kb7 0-1

[Event "Excelsior September op"]
[Site "Toronto CAN"]
[Date "2023.09.06"]
[Round "2.6"]
[White "Dukic, Zachary"]
[Black "Keleberda, Tymur"]
[Result "1-0"]
[WhiteElo "2198"]
[BlackElo "2245"]
[WhiteFideId "-1"]
[BlackFideId "-1"]
[PlyCount "51"]
[GameId "2160767907047226"]
[EventDate "2023.09.06"]
[EventType "swiss"]
[EventRounds "9"]
[EventCountry "CAN"]
[SourceTitle "10 Days #735"]
[Source "ChessMix "]
[SourceDate "2023.09.20"]
[SourceVersion "1"]
[SourceVersionDate "2023.09.20"]
[SourceQuality "1"]

1. e4 c5 2. Nf3 d6 3. d4 cxd4 4. Nxd4 Nf6 5. Nc3 a6 6. Rg1 e5 7. Nb3 Be7 8. g4 h6 9. h4 Nh7 10. g5 hxg5 11. Nd5 Nf6 12. hxg5 Nxd5 13. Qxd5 g6 14. Be3 Nc6 15. O-O-O Be6 16. Qd2 Qc7 17. f4 a5 18. fxe5 dxe5 19. Qf2 a4 20. Nc5 Bxa2 21. Rd7 Qc8 22. Rxe7+ Nxe7 23. Qf6 Rh4 24. Bb5+ Kf8 25. Bd7 Rf4 26. Qh8+ 1-0

[Event "Excelsior September op"]
[Site "Toronto CAN"]
[Date "2023.09.07"]
[Round "3.5"]
[White "Keleberda, Tymur"]
[Black "Ouellet, Maili-Jade"]
[Result "1-0"]
[WhiteElo "2245"]
[BlackElo "2284"]
[WhiteFideId "-1"]
[BlackFideId "-1"]
[PlyCount "123"]
[GameId "2160767907047231"]
[EventDate "2023.09.06"]
[EventType "swiss"]
[EventRounds "9"]
[EventCountry "CAN"]
[SourceTitle "10 Days #735"]
[Source "ChessMix "]
[SourceDate "2023.09.20"]
[SourceVersion "1"]
[SourceVersionDate "2023.09.20"]
[SourceQuality "1"]

1. e4 c5 2. Nf3 Nc6 3. Bb5 e6 4. O-O Nge7 5. Re1 b6 6. b3 a6 7. Bf1 d5 8. exd5 Nxd5 9. Bb2 Bb7 10. g3 Be7 11. Bxg7 Rg8 12. Bb2 Bf6 13. c3 Nf4 14. d4 cxd4 15. cxd4 Qd5 16. Nc3 Qh5 17. Ne4 Be7 18. Ba3 Rd8 19. Bxe7 Kxe7 20. Rc1 f5 21. Ned2 Kf6 22. Bxa6 Bxa6 23. Rxc6 Qh3 24. Rexe6+ Nxe6 25. Qe1 Bc8 26. Qe5+ Ke7 27. d5 Rg6 28. Rc7+ Bd7 29. Nd4 f4 30. Nf5+ Qxf5 31. Rxd7+ Rxd7 32. Qxf5 Nc7 33. Qe5+ Kd8 34. Qxf4 Nxd5 35. Qb8+ Ke7 36. Nc4 Re6 37. Qh8 Nf6 38. Kg2 Kf7 39. Qb8 Kg7 40. a4 Nd5 41. h4 Rf7 42. f4 h5 43. Qd8 Nf6 44. Ne5 Rfe7 45. Qd3 Ne8 46. Qf5 Nf6 47. Qg5+ Kf8 48. Ng6+ Kf7 49. Nxe7 Rxe7 50. f5 Nd7 51. Qxh5+ Kf6 52. Qg6+ Ke5 53. g4 Nf6 54. g5 Nd5 55. Kf3 Kd4 56. Qd6 Re3+ 57. Kg4 Re4+ 58. Kh5 Rf4 59. f6 Rf5 60. Kg6 Ke4 61. Kg7 Nf4 62. f7 1-0

[Event "Excelsior September op"]
[Site "Toronto CAN"]
[Date "2023.09.07"]
[Round "4.6"]
[White "Huh, Isaak"]
[Black "Keleberda, Tymur"]
[Result "0-1"]
[WhiteElo "2027"]
[BlackElo "2245"]
[WhiteFideId "-1"]
[BlackFideId "-1"]
[PlyCount "74"]
[GameId "2160767907047237"]
[EventDate "2023.09.06"]
[EventType "swiss"]
[EventRounds "9"]
[EventCountry "CAN"]
[SourceTitle "10 Days #735"]
[Source "ChessMix "]
[SourceDate "2023.09.20"]
[SourceVersion "1"]
[SourceVersionDate "2023.09.20"]
[SourceQuality "1"]

1. e4 c5 2. Nf3 d6 3. d4 cxd4 4. Nxd4 Nf6 5. Nc3 a6 6. Bg5 e6 7. f4 Nbd7 8. Qf3 h6 9. Bh4 e5 10. fxe5 dxe5 11. Nf5 g6 12. Ne3 g5 13. Bg3 Bb4 14. Nf5 Qc7 15. Be2 b5 16. O-O Bb7 17. Bd3 O-O-O 18. a4 Bc5+ 19. Kh1 b4 20. Na2 Kb8 21. c3 a5 22. cxb4 axb4 23. Nc1 h5 24. Qe2 h4 25. Be1 Nh5 26. Bd2 Nf4 27. Bxf4 exf4 28. Nb3 Ne5 29. Bc2 Ba7 30. Rad1 h3 31. Bb1 hxg2+ 32. Qxg2 Rxd1 33. Rxd1 Rd8 34. Rxd8+ Qxd8 35. Qd2 Qh8 36. Qe2 Qh3 37. Nd2 Qxf5 0-1

[Event "Excelsior September op"]
[Site "Toronto CAN"]
[Date "2023.09.08"]
[Round "5.5"]
[White "Keleberda, Tymur"]
[Black "Park, Haneul"]
[Result "1-0"]
[WhiteElo "2245"]
[BlackElo "1405"]
[WhiteFideId "-1"]
[BlackFideId "-1"]
[PlyCount "81"]
[GameId "2160767907047243"]
[EventDate "2023.09.06"]
[EventType "swiss"]
[EventRounds "9"]
[EventCountry "CAN"]
[SourceTitle "10 Days #735"]
[Source "ChessMix "]
[SourceDate "2023.09.20"]
[SourceVersion "1"]
[SourceVersionDate "2023.09.20"]
[SourceQuality "1"]

1. e4 e6 2. d3 d5 3. Nd2 c5 4. Ngf3 Nc6 5. g3 Bd6 6. Bg2 Nf6 7. O-O O-O 8. Re1 Qc7 9. c3 b6 10. Nf1 Bb7 11. Qe2 dxe4 12. dxe4 e5 13. Bg5 Be7 14. Ne3 Nd7 15. Nd5 Qd8 16. h4 f6 17. Be3 Bd6 18. Rad1 Ne7 19. Nxe7+ Bxe7 20. Bh3 Bc6 21. Qc4+ Kh8 22. Qe6 Rc8 23. Rxd7 Bxd7 24. Qxd7 Rc7 25. Qa4 Qd3 26. Bf1 Qd6 27. Kg2 Rd8 28. h5 Qe6 29. Nh4 Bf8 30. Bc4 Qg4 31. Ng6+ hxg6 32. hxg6 Qxe4+ 33. f3 Qxg6 34. Rh1+ Qh7 35. Qc2 Qxh1+ 36. Kxh1 g5 37. Kg2 Rcd7 38. Qg6 Rg7 39. Qh6+ Rh7 40. Qxf6+ Rg7 41. Qxd8 1-0

[Event "Excelsior September op"]
[Site "Toronto CAN"]
[Date "2023.09.09"]
[Round "6.3"]
[White "Preotu, Razvan"]
[Black "Keleberda, Tymur"]
[Result "1-0"]
[WhiteElo "2475"]
[BlackElo "2245"]
[WhiteFideId "-1"]
[BlackFideId "-1"]
[PlyCount "85"]
[GameId "2160767907047248"]
[EventDate "2023.09.06"]
[EventType "swiss"]
[EventRounds "9"]
[EventCountry "CAN"]
[SourceTitle "10 Days #735"]
[Source "ChessMix "]
[SourceDate "2023.09.20"]
[SourceVersion "1"]
[SourceVersionDate "2023.09.20"]
[SourceQuality "1"]

1. e4 c5 2. Nc3 d6 3. d4 cxd4 4. Qxd4 a6 5. b3 Nc6 6. Qe3 g6 7. Bb2 Bg7 8. O-O-O Nf6 9. Nd5 O-O 10. h4 e5 11. Nxf6+ Bxf6 12. Kb1 h5 13. Bc4 Kg7 14. Ne2 Rb8 15. Ba3 Be7 16. Rd2 Qa5 17. Bxd6 Bxd6 18. Rxd6 Nb4 19. Nc1 b5 20. Qc5 Bb7 21. Rd7 Nc6 22. Rxb7 Rxb7 23. Qxc6 Rc7 24. Qd5 Re8 25. Bf1 Qb6 26. Qd2 a5 27. Rh3 Rec8 28. c3 b4 29. c4 a4 30. Rd3 axb3 31. Rxb3 Qf6 32. g3 Rd8 33. Rd3 Ra8 34. Rd5 Ra3 35. Qg5 Rf3 36. Qxf6+ Rxf6 37. Rd2 Rb6 38. Rc2 Rd6 39. c5 Rd4 40. Nb3 Rxe4 41. Rc1 f5 42. Bd3 Rg4 43. Be2 1-0